| 000 | 01095cam a22003497a 4500 | ||
|---|---|---|---|
| 003 | CHAP | ||
| 005 | 20220329133415.0 | ||
| 008 | 971013s1989 r 00010 d | ||
| 010 | _a6010 | ||
| 011 | _a6982 | ||
| 035 | _a6205 | ||
| 040 | _cCHAP | ||
| 082 |
_a150 _bR3 1989 |
||
| 100 |
_aRangel Alcázar, Ricardo. _994580 |
||
| 245 | 0 | _aLecturas selectas de psicología | |
| 250 | _a2ed. | ||
| 260 |
_aChapingo, Méx. : _bUACH. Departamento de Preparatoria Agrícola, _c1989 |
||
| 300 |
_a223 p. _b: ilus. |
||
| 500 | _a60-152 | ||
| 500 | _aCol. UACH-CP | ||
| 590 |
_aBATCH-UPD _b10 _c20130110 _lUCH01 _h0941 |
||
| 590 |
_aBATCH-UPD _b10 _c20130410 _lUCH01 _h0557 |
||
| 590 |
_aBATCH-UPD _b10 _c20130914 _lUCH01 _h0457 |
||
| 590 |
_aCONVERSION _b10 _c20130109 _lUCH01 _h1304 |
||
| 650 | 1 | 4 |
_aPsicología. _992597 |
| 700 | 0 |
_aAvila Méndez, Yolanda. _98810 |
|
| 700 | 0 |
_aMéndez Zavala, Jesús. _976606 |
|
| 901 | _aBK | ||
| 942 | _cLIBRO | ||
| 949 |
_a150 R3 1989 _bBC _cLIBRO _d33724000802518 _eLIBRO _fc.2 _h87240 _i6205 _si |
||
| 949 |
_a150 R3 1989 _bBC _cUACH _d-15805 _eUACH _h82226 _i6205 _si _t8.00 |
||
| 999 |
_c6010 _d6010 |
||